[Event "Krakonos op"]
[Site "Czech Republic"]
[Date "1993.??.??"]
[Round "6"]
[White "Brudnova, Jana"]
[Black "Jindriskova, S."]
[Result "1/2-1/2"]
[WhiteElo "1705"]
[BlackElo "1605"]
[PlyCount "29"]
[EventDate "1993.??.??"]
[EventType "swiss"]
[EventRounds "9"]
[EventCountry "CZE"]
[SourceTitle "EXT 2006"]
[Source "ChessBase"]
[SourceDate "2005.11.24"]
[SourceVersion "1"]
[SourceVersionDate "2005.11.24"]
[SourceQuality "1"]

1. e4 e5 2. Nf3 Nc6 3. Bc4 Bc5 4. d4 Bxd4 5. c3 Bb6 6. b4 Nf6 7. Nbd2 d6 8. Qb3 0-0 9. Ng5 Qe7 10. h3 h6 11. Ngf3 Nd8 12. Ba3 Ne6 13. 0-0 Nf4 14. b5 Ne8 15. Kh2 1/2-1/2

[Event "Krakonos op"]
[Site "Czech Republic"]
[Date "1993.??.??"]
[Round "5"]
[White "Hendrych, Vaclav"]
[Black "Jindriskova, S."]
[Result "0-1"]
[WhiteElo "1605"]
[BlackElo "1605"]
[PlyCount "48"]
[EventDate "1993.??.??"]
[EventType "swiss"]
[EventRounds "9"]
[EventCountry "CZE"]
[SourceTitle "EXT 2006"]
[Source "ChessBase"]
[SourceDate "2005.11.24"]
[SourceVersion "1"]
[SourceVersionDate "2005.11.24"]
[SourceQuality "1"]

1. d4 Nf6 2. Bf4 g6 3. e3 Bg7 4. Bd3 0-0 5. Nf3 d6 6. c3 c5 7. Nbd2 Nc6 8. Qb3 a6 9. 0-0-0 Rb8 10. dxc5 e5 11. Bg5 dxc5 12. Ne4 Qe7 13. h4 h6 14. Bxf6 Bxf6 15. Nxf6+ Qxf6 16. h5 g5 17. Qb6 Re8 18. Be4 c4 19. Rd5 g4 20. Nd2 Qxf2 21. Nxc4 Be6 22. Rc5 Qe2 23. Bd5 Bxd5 24. Rxd5 Qxc4 0-1

[Event "Krakonos op"]
[Site "Czech Republic"]
[Date "1993.??.??"]
[Round "1"]
[White "Jindriskova, S."]
[Black "Soukup, Jiri"]
[Result "1-0"]
[WhiteElo "1605"]
[BlackElo "1750"]
[PlyCount "95"]
[EventDate "1993.??.??"]
[EventType "swiss"]
[EventRounds "9"]
[EventCountry "CZE"]
[SourceTitle "EXT 2006"]
[Source "ChessBase"]
[SourceDate "2005.11.24"]
[SourceVersion "1"]
[SourceVersionDate "2005.11.24"]
[SourceQuality "1"]

1. e4 e5 2. Nf3 Nc6 3. d4 exd4 4. Nxd4 Bc5 5. Nxc6 bxc6 6. Bc4 Qh4 7. 0-0 Nf6 8. g3 Qh3 9. Qf3 0-0 10. Nc3 d6 11. Qg2 Qxg2+ 12. Kxg2 Nxe4 13. Nxe4 d5 14. Nxc5 dxc4 15. b3 cxb3 16. cxb3 Re8 17. Rd1 Bg4 18. Rd4 Bf5 19. Be3 Re5 20. Rad1 Ree8 21. Na6 Rac8 22. Nc5 h5 23. Nd7 Bg4 24. R1d2 Ra8 25. h3 Bf5 26. Nc5 Re5 27. Rd8+ Re8 28. Rxe8+ Rxe8 29. Rd4 f6 30. Ra4 Ra8 31. Na6 Rc8 32. Bxa7 Kf7 33. Bb8 Bd3 34. Ba7 Bb5 35. Ra5 Ke6 36. a4 Be2 37. Nc5+ Kd6 38. Ne4+ Kd7 39. Nc5+ Kd6 40. Nb7+ Kd7 41. Be3 Rb8 42. Nc5+ Kc8 43. Bd2 Bd1 44. b4 Be2 45. Ra7 g5 46. Ne6 Rb7 47. Ra8+ Kd7 48. Nc5+ 1-0

[Event "Krakonos op"]
[Site "Czech Republic"]
[Date "1993.??.??"]
[Round "8"]
[White "Martinkova, Monika"]
[Black "Jindriskova, S."]
[Result "1/2-1/2"]
[WhiteElo "1645"]
[BlackElo "1605"]
[PlyCount "44"]
[EventDate "1993.??.??"]
[EventType "swiss"]
[EventRounds "9"]
[EventCountry "CZE"]
[SourceTitle "EXT 2006"]
[Source "ChessBase"]
[SourceDate "2005.11.24"]
[SourceVersion "1"]
[SourceVersionDate "2005.11.24"]
[SourceQuality "1"]

1. e4 e5 2. Nf3 Nc6 3. d4 exd4 4. Nxd4 Bc5 5. Nxc6 Qf6 6. Qd2 Qxc6 7. Bd3 Nf6 8. 0-0 0-0 9. b4 Be7 10. Bb2 d6 11. Nc3 a6 12. Nd5 Nxd5 13. exd5 Qd7 14. f4 f5 15. Rf3 Bf6 16. c3 b5 17. Rg3 Qf7 18. Qc2 Kh8 19. Kh1 Qxd5 20. c4 bxc4 21. Bxf6 Rxf6 22. Bxc4 Qe4 1/2-1/2